00371nam a22000977a 4500082001200000100003400012245007100046260004100117650001500158700010000173 a220 PRO aNC Sana Riaz PC Sobia Farooq  aPR-SOF-1901-Customized Power Supply for Li-Ion Version of Pag Belt aISLAMABADbENUST COLLEGE OF EMc2020 aDE-COMP-38 aProject Supervisor: Col. Dr. Aqib Perwaiz Co-Supervisors: Dr. Muwahida Liaquat Dr. Taosif Iqbal